[Event "Malopolska-ch"]
[Site "Krakow"]
[Date "2022.06.19"]
[Round "7"]
[White "Kumor, Lukasz"]
[Black "Stam, Hans"]
[Result "1-0"]
[WhiteElo "2079"]
[BlackElo "2094"]
[PlyCount "95"]
[EventDate "2022.06.16"]
[EventType "swiss"]
[EventRounds "7"]
[EventCountry "POL"]
[SourceTitle "CBM 208 Extra"]
[Source "ChessBase"]
[SourceDate "2022.07.31"]
[SourceVersion "1"]
[SourceVersionDate "2022.07.31"]
[SourceQuality "1"]

1. e4 e5 2. Nf3 Nc6 3. Bb5 a6 4. Ba4 Nf6 5. d3 Be7 6. Bxc6 dxc6 7. Nxe5 0-0 8. 0-0 Re8 9. h3 Bf8 10. Nf3 h6 11. Nc3 c5 12. Re1 b5 13. b3 g6 14. a4 b4 15. Ne2 Bg7 16. Be3 Nd7 17. Rb1 Qe7 18. Nd2 Bb7 19. Ng3 Rad8 20. Qe2 Nf8 21. Nc4 Ne6 22. f4 Nd4 23. Qf2 Qd7 24. f5 Kh7 25. Rf1 Bc8 26. Kh1 Qc6 27. Rbc1 Rg8 28. f6 Bf8 29. Kh2 Qe8 30. e5 Be6 31. Bxd4 Rxd4 32. Rce1 Qc6 33. Ne2 Rd8 34. Ng1 h5 35. Re4 g5 36. Ne3 Rd4 37. Rxd4 cxd4 38. Nf5 Qd7 39. Nxd4 Bc5 40. Qe2 g4 41. Qe4+ Rg6 42. Nxe6 Qxe6 43. Rf5 g3+ 44. Kh1 Qb6 45. d4 Bf8 46. Rxh5+ Bh6 47. Rxh6+ Kxh6 48. Qh4# 1-0

[Event "Malopolska-ch"]
[Site "Krakow"]
[Date "2022.06.17"]
[Round "4"]
[White "Stam, Hans"]
[Black "Praszak, Michal"]
[Result "1-0"]
[WhiteElo "2094"]
[BlackElo "2062"]
[PlyCount "152"]
[EventDate "2022.06.16"]
[EventType "swiss"]
[EventRounds "7"]
[EventCountry "POL"]
[SourceTitle "CBM 208 Extra"]
[Source "ChessBase"]
[SourceDate "2022.07.31"]
[SourceVersion "1"]
[SourceVersionDate "2022.07.31"]
[SourceQuality "1"]

1. e4 c5 2. Nf3 d6 3. d4 cxd4 4. Nxd4 Nf6 5. Nc3 g6 6. g3 Nc6 7. Nde2 Bg4 8. Bg2 Qc8 9. h3 Bd7 10. Nf4 Bg7 11. 0-0 0-0 12. Kh2 Ne5 13. Nfd5 Nxd5 14. Nxd5 Re8 15. Bg5 f6 16. Be3 Bc6 17. Bd4 e6 18. Ne3 Nf7 19. c4 Qc7 20. Bc3 Rad8 21. Qc2 b6 22. a4 Qb7 23. Ng4 e5 24. Ne3 Ng5 25. Nd5 Ne6 26. Rfd1 Nc7 27. Nb4 a5 28. Nxc6 Qxc6 29. Bd2 Na6 30. b3 Qc7 31. Be3 Nb4 32. Qd2 Bf8 33. f4 Be7 34. Qf2 Rb8 35. Rd2 Rf8 36. Rad1 Na6 37. Rd5 Nc5 38. Qc2 Rf7 39. Bf3 Rbf8 40. f5 g5 41. h4 Rg7 42. hxg5 fxg5 43. Bg4 Rf6 44. Rb1 Qc6 45. Kg2 Rh6 46. Kf3 Nd7 47. Rb5 Bd8 48. b4 axb4 49. R5xb4 Nf6 50. Bxb6 d5 51. exd5 Nxd5 52. Qe4 Nxb4 53. Bxd8 Qd6 54. f6 Rf7 55. Rxb4 Qxb4 56. Be6 Qb3+ 57. Kg4 Qd1+ 58. Kf5 Qxd8 59. Bxf7+ Kf8 60. Qc6 Kxf7 61. Qb7+ Ke8 62. Qg7 Qc8+ 63. Kxe5 Qc5+ 64. Ke6 Qxc4+ 65. Kd6 Qa6+ 66. Ke5 Qa5+ 67. Ke6 Qb6+ 68. Ke5 Qe3+ 69. Kd5 Qf3+ 70. Ke6 Qb3+ 71. Kd6 Qxg3+ 72. Ke6 Qe3+ 73. Kd6 Qd4+ 74. Ke6 Qe4+ 75. Kd6 Qb4+ 76. Ke6 Qd4 1-0

[Event "Ghent Taminco op 38th"]
[Site "Ghent"]
[Date "2015.07.22"]
[Round "9"]
[White "Stam, Hans"]
[Black "Van Herck, Marcel"]
[Result "1-0"]
[WhiteElo "2016"]
[BlackElo "2170"]
[PlyCount "48"]
[EventDate "2015.07.18"]
[EventType "swiss"]
[EventRounds "9"]
[EventCountry "BEL"]
[SourceTitle "CBM 167 Extra"]
[Source "ChessBase"]
[SourceDate "2015.09.14"]
[SourceVersion "1"]
[SourceVersionDate "2015.09.14"]
[SourceQuality "1"]

1. e4 c6 2. d4 d5 3. Nc3 dxe4 4. Nxe4 Nd7 5. Nf3 Ngf6 6. Nxf6+ Nxf6 7. Bc4 Bf5 8. 0-0 e6 9. Qe2 Bd6 10. Ne5 Nd5 11. Bxd5 cxd5 12. Qb5+ Kf8 13. Qxb7 Bxe5 14. dxe5 Bxc2 15. Be3 Qb8 16. Qc6 Bd3 17. Rfc1 Bb5 18. Qc5+ Kg8 19. Bd4 h6 20. Rc3 a6 21. Rac1 Kh7 22. Qe7 Qe8 23. Qh4 Qd8 24. Qf4 Qd7 1-0

[Event "Ghent Taminco op 38th"]
[Site "Ghent"]
[Date "2015.07.19"]
[Round "3"]
[White "Stam, Hans"]
[Black "Hekhuis, Jeroen"]
[Result "0-1"]
[WhiteElo "2016"]
[BlackElo "2107"]
[PlyCount "104"]
[EventDate "2015.07.18"]
[EventType "swiss"]
[EventRounds "9"]
[EventCountry "BEL"]
[SourceTitle "CBM 167 Extra"]
[Source "ChessBase"]
[SourceDate "2015.09.14"]
[SourceVersion "1"]
[SourceVersionDate "2015.09.14"]
[SourceQuality "1"]

1. e4 c5 2. Nf3 d6 3. d4 cxd4 4. Nxd4 Nf6 5. Nc3 g6 6. Be3 Bg7 7. f3 0-0 8. Qd2 Nc6 9. Bc4 Bd7 10. 0-0-0 Ne5 11. Bb3 Qa5 12. h4 Rfc8 13. h5 Nxh5 14. g4 Nf6 15. Bh6 Bxh6 16. Rxh6 Rxc3 17. Qxc3 Qxc3 18. bxc3 Rc8 19. Kb2 b5 20. Rdh1 a5 21. a3 Kg7 22. R6h4 a4 23. Ba2 e6 24. g5 Nh5 25. f4 Nc4+ 26. Bxc4 Rxc4 27. f5 e5 28. Ne2 Kg8 29. Rd1 Rc6 30. Rh3 Kf8 31. c4 bxc4 32. Nc3 Rb6+ 33. Kc1 Nf4 34. Rxh7 gxf5 35. Rh8+ Ke7 36. exf5 Bxf5 37. Nxa4 Ra6 38. Nc3 Rxa3 39. Kb2 Ra5 40. Rb8 d5 41. Rb6 d4 42. Nb5 c3+ 43. Kb3 Nd5 44. Rb7+ Kf8 45. Nd6 Bxc2+ 46. Kxc2 Ne3+ 47. Kd3 Nxd1 48. Rxf7+ Kg8 49. g6 Ra6 50. Rd7 Ne3 51. Nf7 Ng4 52. Re7 Rc6 0-1